LIBRARY ONLINE CATALOGUE

Enterprise clusters and networks in developing countries / (Record no. 5515)

MARC details
000 -LEADER
fixed length control field 00866cam a22002292 4500
001 - CONTROL NUMBER
control field 0000001918
005 - DATE AND TIME OF LATEST TRANSACTION
control field 20151217151833.0
008 - FIXED-LENGTH DATA ELEMENTS--GENERAL INFORMATION
fixed length control field 070329s xx 000 0 eng d
020 ## - INTERNATIONAL STANDARD BOOK NUMBER
International Standard Book Number 0714643335 :
040 ## - CATALOGING SOURCE
Original cataloging agency KABU
Transcribing agency KABU
050 #0 - LIBRARY OF CONGRESS CALL NUMBER
Classification number HD69
Item number .S8E58
245 10 - TITLE STATEMENT
Title Enterprise clusters and networks in developing countries /
Statement of responsibility, etc. edited by Meine Pieter van Dijk and Roberta Rabellotti.
260 ## - PUBLICATION, DISTRIBUTION, ETC. (IMPRINT)
Place of publication, distribution, etc. London :
Name of publisher, distributor, etc. Frank Cass,
Date of publication, distribution, etc. 1997.
300 ## - PHYSICAL DESCRIPTION
Extent 209 p. ;
Dimensions 22 cm.
500 ## - GENERAL NOTE
General note ''In association with the European Association of Development Research and Training institutes (EADI), Geneva".
650 #0 - SUBJECT ADDED ENTRY--TOPICAL TERM
Topical term or geographic name as entry element Business networks
Geographic subdivision Developing countries.
General subdivision Case studies.
-- 0000151013
700 1# - ADDED ENTRY--PERSONAL NAME
Personal name Dijk, Meine Pieter van.
-- 0000151014
700 1# - ADDED ENTRY--PERSONAL NAME
Personal name Rabellotti, Roberta.
-- 0000151015
908 ## - PUT COMMAND PARAMETER (RLIN)
Put command parameter 070329
950 ## - LOCAL HOLDINGS (RLIN)
-- 1
Holdings
Withdrawn status Lost status Source of classification or shelving scheme Not for loan Home library Current library Date acquired Total Checkouts Full call number Barcode Date last seen Date last checked out Price effective from Koha item type
    Library of Congress Classification   Kabarak, Main Campus Kabarak, Main Campus 17/12/2015 1 HD69 .S8E58 c.1 010194 02/08/2024 15/07/2016 17/12/2015 General Collection